|
|
|
|
| LEADER |
00000nam a2200000 a 4500 |
| 003 |
eccuu |
| 005 |
20230411175958.0 |
| 006 |
a||||gr|||| 001 0 |
| 007 |
ta |
| 008 |
230411t20112011sp ||||gr|||| 00| 0 spa a |
| 020 |
|
|
|a 978-84-7869-174-6
|
| 040 |
|
|
|a eccuu
|b spa
|c eccuu
|e rda
|
| 041 |
|
|
|a spa
|
| 082 |
0 |
|
|2 22
|a 370.155
|c 35774197
|
| 100 |
1 |
|
|9 309232
|a García Núñez, Juan Antonio,
|d 1946-
|e autor
|
| 245 |
1 |
0 |
|a Juego y psicomotricidad /
|c Juan Antonio García Núñez y Félix Fernández Vidal.
|
| 250 |
|
|
|a Quinta edición.
|
| 264 |
|
1 |
|a Madrid:
|b Editorial Ciencias de la Educación Preescolar y Especial,
|c 2011.
|
| 300 |
|
|
|a 133 páginas:
|c 24 cm
|
| 336 |
|
|
|2 rdacontent
|a texto
|b txt
|
| 337 |
|
|
|2 rdamedia
|a no mediado
|b n
|
| 338 |
|
|
|2 rdacarrier
|a volumen
|b nc
|
| 490 |
0 |
|
|a Psicomotricidad y Educación.
|v 3
|
| 505 |
1 |
|
|a El enfoque de la intervención psicomotriz en el desarrollo del niño o niña -- Psicomatrocidad y aprendizaje -- Esquema corporal y lateralidad -- Sistema postural -- Organización espacio-temporal -- Sistema práxico -- Juegos del desarrollo del sistema postural -- Juegos para el desarrollo de la organización espacio-temporal -- Juegos para el desarrollo de los procesos práxicos -- Observación del desarrollo.
|
| 650 |
1 |
0 |
|2 eccuu
|9 26540
|a Psicomotricidad
|
| 650 |
1 |
0 |
|2 eccuu
|9 41
|a Educación
|
| 651 |
|
|
|2 UCuenca-cdrjbv
|
| 700 |
1 |
|
|9 309233
|a Fernández Vidal, Félix.
|e autor
|
| 942 |
|
|
|2 ddc
|c CR
|z wilman.tandazo@ucuenca.edu.ec
|
| 999 |
|
|
|c 161919
|d 161919
|